| 000 | 00958nam a2200265 a 4500 | ||
|---|---|---|---|
| 001 | 000011624 | ||
| 005 | 20240306165610.0 | ||
| 008 | 091021s2000 sp 000 i spa d | ||
| 020 | _a8495501945 | ||
| 040 |
_aDO-SdBNP _bspa _cBNPHU |
||
| 082 |
_a892.7015 _bG447c |
||
| 100 | 1 |
_aGibran, Kahlil _d1883-1931 _927512 |
|
| 240 | 1 | 0 |
_aCartas de amor do profeta _lPortugés |
| 245 | 1 | 0 |
_aCartas de amor del profeta / _cKahlil Gibran ; traducción, Roser López Montero. |
| 260 |
_aBarcelona, (España) : _bEdiciones B ; _bSuma de Letras, _cc2000. |
||
| 300 |
_a111 p. ; _c19 cm. |
||
| 490 | 1 | _aBiblioteca de bolsillo | |
| 500 | _aIncluye notas al pie de las páginas. | ||
| 500 | _aAdaptación de Paulo Coelho. | ||
| 534 |
_pTítulo original en portugués: _tCartas de amor do profeta |
||
| 650 | 4 |
_aCartas libanesas _927513 |
|
| 650 | 4 |
_aLiteratura libanesa _927514 |
|
| 700 | 1 |
_aLópez Montero, Roser, _etr. _927515 |
|
| 700 | 1 |
_aCoelho, Paulo, _d1947- _913649 |
|
| 999 |
_c11317 _d11317 |
||